[Event "Wuerttemberg-ch MT"]
[Site "Stuttgart"]
[Date "2015.09.01"]
[Round "4"]
[White "Gabriel, Robert A"]
[Black "Fuss, Klaus"]
[Result "1-0"]
[WhiteElo "2184"]
[BlackElo "2099"]
[PlyCount "61"]
[EventDate "2015.08.29"]
[EventType "swiss"]
[EventRounds "9"]
[EventCountry "GER"]
[SourceTitle "EXT 2017"]
[Source "ChessBase"]
[SourceDate "2016.10.25"]
[SourceVersion "1"]
[SourceVersionDate "2016.10.25"]
[SourceQuality "1"]

1. d4 Nf6 2. c4 e6 3. Nf3 Bb4+ 4. Bd2 c5 5. e3 0-0 6. Bd3 b6 7. Bxb4 cxb4 8. 0-0 d6 9. Nbd2 Nc6 10. Qc2 e5 11. Ne4 h6 12. dxe5 dxe5 13. Rad1 Bg4 14. c5 bxc5 15. Qxc5 Rc8 16. Bb1 Nd7 17. Qd5 Nb6 18. Qxd8 Rfxd8 19. Nd6 Rc7 20. Bf5 Bxf3 21. gxf3 Ne7 22. Nb5 Rxd1 23. Rxd1 Nxf5 24. Rd8+ Kh7 25. Nxc7 Na4 26. Kf1 Nxb2 27. Na6 Nh4 28. Ke2 Na4 29. Nxb4 a5 30. Nd5 f6 31. Ra8 1-0

[Event "Wuerttemberg-ch MT"]
[Site "Stuttgart"]
[Date "2015.08.29"]
[Round "2"]
[White "Latzke, Boris Alexander"]
[Black "Fuss, Klaus"]
[Result "1/2-1/2"]
[WhiteElo "2257"]
[BlackElo "2099"]
[PlyCount "139"]
[EventDate "2015.08.29"]
[EventType "swiss"]
[EventRounds "9"]
[EventCountry "GER"]
[SourceTitle "EXT 2017"]
[Source "ChessBase"]
[SourceDate "2016.10.25"]
[SourceVersion "1"]
[SourceVersionDate "2016.10.25"]
[SourceQuality "1"]

1. d4 Nf6 2. c4 e6 3. Nc3 Bb4 4. e3 b6 5. Nge2 Bb7 6. a3 Be7 7. d5 Ba6 8. Nf4 exd5 9. Nfxd5 0-0 10. Bd3 Nc6 11. Qa4 Ne5 12. Be2 Bb7 13. 0-0 c6 14. Nf4 Qc7 15. Bd2 Bd6 16. h3 a6 17. Rac1 b5 18. cxb5 axb5 19. Qc2 Nc4 20. Nh5 Nxh5 21. Bxh5 Bh2+ 22. Kh1 Be5 23. Bf3 d5 24. Nd1 Qe7 25. Bc3 Rad8 26. Bxe5 Nxe5 27. Be2 d4 28. exd4 Rxd4 29. Ne3 Qf6 30. Kg1 Ng6 31. Rfd1 Rxd1+ 32. Rxd1 Nf4 33. Bg4 h5 34. Bd7 Rd8 35. Qf5 Qxf5 36. Bxf5 Rxd1+ 37. Nxd1 c5 38. f3 Bc6 39. Kf2 g6 40. Bc2 Kg7 41. h4 Kf6 42. g3 Ne6 43. f4 Nd4 44. Bd3 Ke6 45. Nc3 Kd6 46. Ne2 Ne6 47. Ke3 c4 48. Bc2 Kc5 49. f5 gxf5 50. Bxf5 b4 51. axb4+ Kxb4 52. Bxe6 fxe6 53. Nd4 Bd5 54. Kf4 Bg2 55. Ke5 Bh3 56. Kf4 Bg4 57. Ke4 Bh3 58. Ke5 Bg4 59. Ke4 Bh3 60. Kf4 Bg4 61. Ke5 Bh3 62. Nxe6 Kb3 63. Nf4 Bg4 64. Kd4 Bd1 65. Nd5 Be2 66. Ne3 Bd3 67. Kc5 Be2 68. Kd5 Bd3 69. Kd4 Be2 70. Kc5 1/2-1/2

[Event "Reutlingen op 20th"]
[Site "Reutlingen"]
[Date "2015.05.24"]
[Round "4"]
[White "Fuss, Klaus"]
[Black "Zeller, Frank"]
[Result "0-1"]
[WhiteElo "2102"]
[BlackElo "2396"]
[PlyCount "70"]
[EventDate "2015.05.22"]
[EventType "swiss"]
[EventRounds "7"]
[EventCountry "GER"]
[SourceTitle "EXT 2016"]
[Source "ChessBase"]
[SourceDate "2015.10.08"]
[SourceVersion "1"]
[SourceVersionDate "2015.10.08"]
[SourceQuality "1"]

1. g3 e5 2. Bg2 d5 3. d3 Nc6 4. Nc3 Be6 5. f4 exf4 6. Bxf4 g5 7. Bd2 h5 8. Nf3 Be7 9. Nb5 h4 10. gxh4 a6 11. Nbd4 g4 12. Nxe6 gxf3 13. Nxc7+ Qxc7 14. Bxf3 Bxh4+ 15. Kf1 Nge7 16. e3 0-0-0 17. Qe2 Ne5 18. Bc3 N7c6 19. Qg2 Qd7 20. Rg1 Rhg8 21. Qxg8 Rxg8 22. Rxg8+ Kc7 23. Bg2 Qf5+ 24. Kg1 Bf2+ 25. Kh1 Bxe3 26. Rf1 Qh7 27. Rg3 d4 28. Be1 f5 29. Rh3 Qg6 30. Bg3 Kb6 31. Bf4 Ng4 32. Bxe3 dxe3 33. Rg3 e2 34. Re1 Qh6 35. h3 Qd2 0-1

[Event "Wuerttemberg-ch MT"]
[Site "Gruenbach"]
[Date "2014.09.07"]
[Round "9"]
[White "Fuss, Klaus"]
[Black "Schmidt, Martin5555"]
[Result "1-0"]
[WhiteElo "2105"]
[BlackElo "2086"]
[PlyCount "85"]
[EventDate "2014.08.30"]
[EventType "swiss"]
[EventRounds "9"]
[EventCountry "GER"]
[SourceTitle "EXT 2017"]
[Source "ChessBase"]
[SourceDate "2016.10.25"]
[SourceVersion "1"]
[SourceVersionDate "2016.10.25"]
[SourceQuality "1"]

1. g3 Nf6 2. Bg2 e5 3. e4 Bc5 4. d3 d6 5. Nf3 Be6 6. c3 c6 7. 0-0 0-0 8. d4 Bb6 9. dxe5 Nxe4 10. exd6 Bc4 11. Ne5 Bxf1 12. Bxe4 Qe8 13. Bf4 f6 14. d7 Nxd7 15. Nxd7 Qxe4 16. Qxf1 Rfe8 17. Nd2 Qd5 18. Nxb6 axb6 19. Qc4 Qxc4 20. Nxc4 Re2 21. Nxb6 Ra5 22. Nc4 Ra4 23. b3 Raxa2 24. Rxa2 Rxa2 25. Be3 b5 26. Nd2 Kf7 27. h4 h5 28. Kf1 Rc2 29. c4 bxc4 30. bxc4 Ke6 31. Ke2 Rc3 32. c5 Kf5 33. Kf3 g5 34. hxg5 fxg5 35. Ke2 h4 36. gxh4 gxh4 37. Kf3 Ra3 38. Ne4 Ra4 39. Nd6+ Ke6 40. Kg2 Ra8 41. Kh3 Rh8 42. Ne4 Kd5 43. Ng5 1-0

[Event "Wuerttemberg-ch KT"]
[Site "Bisingen"]
[Date "2013.09.07"]
[Round "8"]
[White "Wendler, David"]
[Black "Fuss, Klaus"]
[Result "0-1"]
[WhiteElo "1595"]
[BlackElo "2077"]
[PlyCount "120"]
[EventDate "2013.08.31"]
[EventType "swiss"]
[EventRounds "9"]
[EventCountry "GER"]
[SourceTitle "EXT 2017"]
[Source "ChessBase"]
[SourceDate "2016.10.25"]
[SourceVersion "1"]
[SourceVersionDate "2016.10.25"]
[SourceQuality "1"]

1. e4 c5 2. d4 cxd4 3. c3 Nf6 4. e5 Nd5 5. Nf3 e6 6. cxd4 Nc6 7. Bc4 d6 8. 0-0 Be7 9. Qe2 0-0 10. Nc3 dxe5 11. dxe5 Nxc3 12. bxc3 Qc7 13. Qe4 b6 14. Bd3 g6 15. Bg5 Bxg5 16. Nxg5 h6 17. Nf3 Bb7 18. Qf4 Kh7 19. h4 f5 20. Rfd1 Rae8 21. Nd4 Qxe5 22. Qxe5 Nxe5 23. Bb5 Rc8 24. Nxe6 Rf6 25. f4 Rxe6 26. fxe5 Rc7 27. Re1 Rxc3 28. Rad1 Re7 29. e6 Kg7 30. Rd7 Kf6 31. Kf1 Rc2 32. Re2 Rxe2 33. Kxe2 Rxe6+ 34. Kf2 Re7 35. Rd6+ Kg7 36. Be8 Rxe8 37. Rd7+ Kf6 38. Rxb7 Re7 39. Rb8 g5 40. hxg5+ hxg5 41. Rc8 Rd7 42. Ke2 f4 43. Rc2 Kf5 44. Rb2 Re7+ 45. Kf2 g4 46. Rd2 g3+ 47. Kf1 Rc7 48. Ke2 Rc3 49. Kf1 Kg4 50. Rb2 Rc1+ 51. Ke2 Rg1 52. Kd3 Rxg2 53. Rxg2 f3 54. Rg1 f2 55. Rf1 Kf3 56. Rh1 g2 57. Rh7 f1Q+ 58. Kd2 Qe2+ 59. Kc3 Qe3+ 60. Kb2 Qd2+ 0-1

[Event "Neckar op-A 16th"]
[Site "Deizisau"]
[Date "2012.04.05"]
[Round "1"]
[White "Shishkin, Vadim"]
[Black "Fuss, Klaus"]
[Result "1-0"]
[WhiteElo "2464"]
[BlackElo "2111"]
[PlyCount "55"]
[EventDate "2012.04.05"]
[EventType "swiss"]
[EventRounds "9"]
[EventCountry "GER"]
[SourceTitle "CBM 147 Extra"]
[Source "ChessBase"]
[SourceDate "2012.04.24"]
[SourceVersion "1"]
[SourceVersionDate "2012.04.24"]
[SourceQuality "1"]

1. d4 d5 2. c4 e6 3. Nc3 Nf6 4. cxd5 exd5 5. Bg5 Nbd7 6. e4 b6 7. Bd3 Be7 8. Qc2 0-0 9. Nge2 h6 10. Bh4 Nh5 11. Bxe7 Qxe7 12. g4 Ndf6 13. Rg1 Re8 14. h4 Nxe4 15. Bxe4 dxe4 16. g5 hxg5 17. Rxg5 Nf6 18. 0-0-0 g6 19. Rdg1 Kf8 20. Ng3 Be6 21. h5 Nd5 22. Re5 Nb4 23. Qxe4 Qf6 24. hxg6 Bd5 25. Nh5 Qxe5 26. Qxe5 Rxe5 27. g7+ Ke7 28. dxe5 1-0

[Event "Wuerttemberg-ch KT"]
[Site "Lauffen am Neckar"]
[Date "2011.08.31"]
[Round "5"]
[White "Fuss, Klaus"]
[Black "Schmidt, Martin5555"]
[Result "0-1"]
[WhiteElo "2068"]
[BlackElo "2026"]
[PlyCount "54"]
[EventDate "2011.08.26"]
[EventType "swiss"]
[EventRounds "9"]
[EventCountry "GER"]
[SourceTitle "EXT 2017"]
[Source "ChessBase"]
[SourceDate "2016.10.25"]
[SourceVersion "1"]
[SourceVersionDate "2016.10.25"]
[SourceQuality "1"]

1. g3 Nf6 2. Bg2 d5 3. f4 e6 4. Nf3 c5 5. d3 Nbd7 6. 0-0 Qc7 7. Nc3 d4 8. Ne4 Be7 9. e3 dxe3 10. Bxe3 Nd5 11. Bf2 0-0 12. Qe2 Rb8 13. Nfd2 b6 14. Ng5 Bxg5 15. fxg5 Bb7 16. Ne4 Rbd8 17. a3 Ne5 18. Rae1 Nc6 19. h4 Nd4 20. Bxd4 cxd4 21. h5 Ne3 22. Rf2 Bxe4 23. Bxe4 Qxg3+ 24. Kh1 Ng4 25. Rg2 Qh4+ 26. Kg1 Ne3 27. Qf2 Nxg2 0-1

[Event "Staufer op 23rd"]
[Site "Leinzell"]
[Date "2011.01.02"]
[Round "2"]
[White "Nabavi, Parwis"]
[Black "Fuss, Klaus"]
[Result "0-1"]
[WhiteElo "2259"]
[BlackElo "2039"]
[PlyCount "112"]
[EventDate "2011.01.02"]
[EventType "swiss"]
[EventRounds "9"]
[EventCountry "GER"]
[SourceTitle "CBM 140 Extra"]
[Source "ChessBase"]
[SourceDate "2011.03.01"]
[SourceVersion "1"]
[SourceVersionDate "2011.03.01"]
[SourceQuality "1"]

1. d4 d5 2. c4 e6 3. Nc3 Nf6 4. cxd5 exd5 5. Bg5 c6 6. e3 Bf5 7. Qb3 b6 8. Nf3 Be7 9. Be2 0-0 10. 0-0 Ne4 11. Bxe7 Qxe7 12. Qa4 Qd6 13. Rac1 b5 14. Qa5 Nd7 15. b3 a6 16. Rfd1 Rfc8 17. Ne1 Ndf6 18. Nd3 Nxc3 19. Rxc3 Ne4 20. Rcc1 c5 21. dxc5 Nxc5 22. Nf4 Be4 23. f3 Nb7 24. Qd2 g5 25. Rxc8+ Rxc8 26. fxe4 gxf4 27. exf4 Qc5+ 28. Qd4 dxe4 29. Kf2 Qc6 30. Qe3 Nc5 31. Kg1 Ne6 32. f5 Qc5 33. Qxc5 Nxc5 34. Rc1 Rc7 35. g4 Kg7 36. h4 Kf6 37. Kh2 Ke5 38. Kg2 f6 39. a4 bxa4 40. bxa4 a5 41. Bb5 Na6 42. Rxc7 Nxc7 43. Bd7 h6 44. Kf2 Nd5 45. Bc6 Ne7 46. Ba8 Kf4 47. Bb7 Kxg4 48. Bxe4 Nxf5 49. h5 Nd6 50. Bf3+ Kf4 51. Bc6 f5 52. Bd5 Ne4+ 53. Kf1 Ke3 54. Ke1 f4 55. Bxe4 Kxe4 56. Ke2 Kf5 0-1

[Event "Burladingen-ch U18"]
[Site "Burladingen"]
[Date "2000.01.30"]
[Round "4"]
[White "Fuss, Klaus"]
[Black "Kull, Simon"]
[Result "0-1"]
[WhiteElo "1672"]
[BlackElo "1660"]
[PlyCount "96"]
[EventDate "2000.01.??"]
[EventType "tourn"]
[EventRounds "5"]
[EventCountry "GER"]
[SourceTitle "EXT 2002"]
[Source "ChessBase"]
[SourceDate "2001.11.25"]
[SourceVersion "1"]
[SourceVersionDate "2001.11.25"]
[SourceQuality "1"]

1. Nf3 g6 2. g3 Bg7 3. Bg2 e5 4. e4 Ne7 5. Nc3 0-0 6. d3 d6 7. 0-0 Nbc6 8. Ne1 f5 9. f4 Be6 10. Nf3 Qd7 11. Ng5 fxe4 12. Nxe6 Qxe6 13. Nxe4 Qd7 14. c3 b5 15. Ng5 Rae8 16. Qb3+ d5 17. Qxb5 exf4 18. Bxf4 Rb8 19. Qc5 Rxb2 20. Bxc7 Rxf1+ 21. Rxf1 Rc2 22. Bd6 Bd4+ 23. cxd4 Rxc5 24. dxc5 Qg4 25. Nf3 Nf5 26. Bf4 Nfe7 27. Re1 Qd7 28. Bd6 Nf5 29. Ne5 Qe6 30. Nf3 Qc8 31. Ne5 Nce7 32. d4 Qa6 33. Nd7 Qb7 34. Nf6+ Kg7 35. Ne8+ Kf7 36. g4 Qb4 37. Kf1 Qc4+ 38. Re2 Ne3+ 39. Kf2 Nxg4+ 40. Kf1 Kxe8 41. Bxe7 Nxh2+ 42. Kf2 Qxd4+ 43. Ke1 Qc3+ 44. Kf2 Ng4+ 45. Kf1 Qc1+ 46. Re1 Qf4+ 47. Ke2 Qe3+ 48. Kd1 Nf2+ 0-1